000 00644nam a22002177a 4500
003 UA-OsUOA
001 98995
007 ta
008 20130423b un ||||| |||| 00| 0 ukr d
100 _aСтепанов Н.
090 _a330
_bС79
942 _cSA
040 _aUA-OsUOA
_brus
_cUA-OsUOA
_dUA-OsUOA
245 _aКипрская бухта финансового спокойствия дает старт банковскому кризису
300 _aС.1-2
955 _a0
041 _arus
080 _a330
773 0 _w98994
_tУкраїна- business
_dК.
_d2013
_g14
650 7 _a330 Економіка взагалі
_2UDC
999 _c385595
_d385595